000 00685nam a2200217Ia 4500
008 240729s9999 xx 000 0 und d
022 _a2468-2322
245 0 _aCAAI Transactions on Intelligence Technology
260 _aUnited Kingdom
260 _bWiley
650 _a Computational linguistics. Natural language processing | Science
650 _a Computer software
650 _a Electronic computers. Computer science
650 _a Instruments and machines
650 _a Mathematics
650 _a Philology. Linguistics
650 _aLanguage and Literature
856 _uhttps://doaj.org/toc/94848ca7b8e642c6b8de9b6adad23149
942 _2ddc
942 _cDOAJEJ
999 _c72694
_d72694
945 _a1
_bMadushi Gamage
_c1
_dMadushi Gamage